| 000 | 00659nam a22002177a 4500 | ||
|---|---|---|---|
| 005 | 20251108165926.0 | ||
| 008 | 250721s1998 xx 000 0 ara d | ||
| 020 | _a9770255858 | ||
| 082 | 1 | 4 | _aط/ 369.463/توف |
| 100 | 1 |
_aتوفيق، فوزية _eمؤلف |
|
| 245 | 1 | 0 | _aعالم الزهرات / |
| 264 | 1 |
_aالقاهرة : _bدار المعارف، _c1998. |
|
| 300 | _a146ص. | ||
| 490 | 0 |
_aمكتبة الكشافة و المرشدات _v1 |
|
| 650 | 1 | 7 | _aالمرشدات |
| 650 | 1 | 7 | _aالحركة الكشفية |
| 653 | _aناشئون كبار (15-18 سنة) | ||
| 700 | 1 | _aموسي، فهمية | |
| 942 |
_2ddc _cBK |
||
| 999 |
_c34968 _d34968 |
||